| 000 | 00485nam a2200169 i 4500 | ||
|---|---|---|---|
| 001 | 23869 | ||
| 003 | ES-MaACL | ||
| 005 | 20230906152941.0 | ||
| 007 | t| | ||
| 008 | 021213s1957 sp ||||1| spa d | ||
| 100 | 1 |
_aAniceto, Joaquín. _921799 |
|
| 245 | 1 | 0 |
_aVenganza de mártir / _cpor el hermano Joaquín Aniceto. |
| 250 | _a2ª ed. | ||
| 260 |
_aMadrid : _b[s.n., _c1957] ( _fImp. Barrios) |
||
| 300 |
_a51 p., 6 lám. : _bil. ; _c21 cm. |
||
| 852 |
_aES-MaACL _j1997-F-17 _bR.40063 |
||
| 999 |
_c23869 _d23869 |
||